|
|
|
|
| LEADER |
00000nab a2200000ua 4500 |
| 001 |
vtls010762755 |
| 003 |
SK-MaSNL |
| 005 |
20260304200636.0 |
| 008 |
250718s2010 xo |||||||||||||||||slo| |
| 035 |
|
|
|a (urnnbn)urn:nbn:sk:snk:ar-a060c8
|
| 035 |
|
|
|a (uuid)14e19e63-a349-448d-80a7-096f4611032a
|
| 035 |
|
|
|a urn:nbn:sk:snk-ab4w1f
|
| 040 |
|
|
|a SNKBUCL
|b slo
|c SNKBUCL
|e AACR2
|
| 041 |
0 |
|
|a slo
|
| 044 |
|
|
|a xo
|c SK
|
| 100 |
1 |
|
|a Lavrík, Marcel
|4 aut
|9 700155
|
| 245 |
1 |
0 |
|a Akútna pankreatitída v detskom veku
|c Marcel Lavrík
|
| 773 |
0 |
|
|t Detský lekár : časopis Slovenskej pediatrickej spoločnosti
|g Roč. 17, č. 3 (2010), s. 76-80
|
| 850 |
|
|
|a Slovenská národná knižnica
|
| 852 |
|
|
|a Slovenská národná knižnica
|
| 954 |
|
|
|a odborná, vedecká literatúra pôvodná (slovenská)
|2 lita
|
| 958 |
|
|
|a article3
|
| 958 |
|
|
|a OND
|
| 958 |
|
|
|a EUIPO
|
| 999 |
|
|
|c 3089913
|d 3091843
|